Every City in Wisconsin on a Map - Statistics

General Stats
  • This quiz has been taken 6,079 times
  • The average score is 53 of 605
Answers on the Map
Answers color-coded by a green-red scale on the quiz's map according to % correct below.
 
Answer Stats
City Population % Correct
Milwaukee 561,385
93%
Madison 280,305
89%
Green Bay 105,744
85%
Kenosha 98,211
57%
Eau Claire 70,542
56%
Appleton 74,719
51%
Oshkosh 66,184
50%
La Crosse 51,327
46%
Racine 76,602
46%
Sheboygan 49,686
41%
Superior 26,423 | 710
41%
Waukesha 70,446 | 8,484
41%
Fond du Lac 44,300
37%
Janesville 66,102
36%
Wausau 39,968
34%
Beloit 36,342
31%
Wisconsin Dells 3,344
31%
Jefferson 7,646
29%
Stevens Point 25,752
29%
Jackson 8,000
26%
Manitowoc 34,568
26%
Monroe 10,439
26%
Adams 1,780
23%
Ashland 7,878
23%
Franklin 35,485
23%
New Berlin 40,260
23%
Oconomowoc 18,682
23%
West Allis 58,874
23%
Lake Geneva 8,684
22%
Menomonee Falls 39,700
22%
Menomonie 16,642
22%
Neenah 27,453
22%
Sturgeon Bay 9,861
22%
Sun Prairie 37,890
22%
Wauwatosa 47,038
22%
Brookfield 41,884
21%
Chippewa Falls 14,656
21%
Hudson 15,473
21%
Rhinelander 8,185
21%
South Milwaukee 20,211
21%
Whitewater 15,627
21%
Baraboo 12,554
20%
Middleton 22,967
20%
Tomah 9,452
20%
De Pere 25,348
19%
Marinette 11,045
19%
Platteville 11,128
19%
Verona 15,815
19%
Bayfield 603
18%
Portage 10,126
18%
Port Washington 12,763
18%
River Falls 16,935
18%
Watertown 22,692
18%
West Bend 31,886
18%
Wisconsin Rapids 18,670
18%
Ashwaubenon 16,986
17%
Berlin 5,611
17%
Eagle 2,146
17%
Fitchburg 32,284
17%
Greenfield 36,916
17%
Oak Creek 37,156
17%
Onalaska 19,018
17%
Pewaukee 16,293 | 8,195
17%
Whitefish Bay 14,553
17%
Columbus 5,448
16%
Germantown 21,020
16%
Hartford 15,894
16%
Marshfield 18,736
16%
Mequon 25,489
16%
Beaver Dam 16,531
15%
Burlington 11,040
15%
Cedarburg 12,527
15%
Marquette 172
15%
Mount Pleasant 27,727
15%
Muskego 25,312
15%
Prairie du Chien 5,373
15%
Two Rivers 11,169
15%
Black River Falls 3,587
14%
Brown Deer 12,553
14%
Clinton 2,227
14%
Cudahy 17,706
14%
Eagle River 1,617
14%
Greenville 13,286
14%
Harrison 14,524
14%
Kaukauna 17,493
14%
Menasha 18,069
14%
New London 7,398
14%
Oregon 11,676
14%
Plymouth 8,908
14%
Rice Lake 9,012
14%
Shawano 9,237
14%
Shorewood 13,603
14%
Sparta 9,842
14%
Waunakee 15,152
14%
Waupaca 6,333
14%
West Milwaukee 3,997
14%
Antigo 7,974
13%
DeForest 11,107
13%
Dodgeville 5,085
13%
Fort Atkinson 12,350
13%
Glendale 12,919
13%
Hayward 2,584
13%
Howard 20,775
13%
Monona 8,536
13%
Oconto 4,621
13%
Sister Bay 1,165
13%
Stoughton 13,044
13%
Delafield 7,203
12%
Delavan 8,523
12%
Egg Harbor 371
12%
Grafton 12,608
12%
Greendale 14,472
12%
Green Lake 1,024
12%
Kewaunee 2,798
12%
Merrill 9,089
12%
Pleasant Prairie 21,818
12%
Ripon 7,766
12%
Sauk City 3,475
12%
Sussex 12,162
12%
Tomahawk 3,385
12%
Algoma 3,217
11%
Cleveland 1,574
11%
Elkhorn 10,230
11%
Hartland 10,065
11%
Lancaster 3,896
11%
Little Chute 12,178
11%
Mauston 4,176
11%
Milton 5,658
11%
New Glarus 2,208
11%
Plover 14,110
11%
Reedsburg 10,190
11%
Rochester 3,776
11%
Sheboygan Falls 8,187
11%
Spooner 2,468
11%
St. Francis 9,377
11%
Viroqua 4,437
11%
Waupun 11,039
11%
Weston 15,969
11%
Altoona 9,287
10%
Bellevue 16,730
10%
Caledonia 25,326
10%
Cambridge 1,668
10%
Cottage Grove 8,880
10%
Dane 1,088
10%
Denmark 2,422
10%
Evansville 5,823
10%
Holmen 11,581
10%
Juneau 2,534
10%
Kiel 3,956
10%
Kimberly 7,626
10%
Lake Mills 6,602
10%
Lodi 3,199
10%
Luxemburg 2,753
10%
Mukwonago 8,492
10%
New Richmond 10,705
10%
Richland Center 4,944
10%
Slinger 6,363
10%
Suamico 13,225
10%
Taylor 468
10%
Washburn 2,032
10%
Albany 1,074
9%
Allouez 13,839
9%
Athens 1,069
9%
Barron 3,663
9%
Belgium 2,495
9%
Bristol 5,187
9%
Chilton 3,939
9%
Deerfield 2,515
9%
East Troy 4,707
9%
Edgerton 5,991
9%
Hobart 10,960
9%
Johnson Creek 3,441
9%
Kohler 2,235
9%
Ladysmith 3,087
9%
Lake Delton 3,629
9%
McFarland 9,460
9%
Medford 4,406
9%
Mosinee 4,538
9%
Mount Horeb 7,756
9%
Osseo 1,787
9%
Pepin 740
9%
Peshtigo 3,387
9%
Plain 732
9%
Prairie du Sac 4,370
9%
Pulaski 4,049
9%
Somers 8,140
9%
Waterford 5,744
9%
Abbotsford 2,321
8%
Alma 717
8%
Augusta 1,524
8%
Clintonville 4,529
8%
Crivitz 1,099
8%
Cuba City 2,126
8%
Elm Grove 6,316
8%
Ephraim 343
8%
Fox Crossing 18,947
8%
Fox Point 6,608
8%
Friendship 680
8%
Genoa 233
8%
Hales Corners 7,522
8%
Horicon 3,773
8%
Hurley 1,555
8%
Kewaskum 4,435
8%
Marion 1,294
8%
Marshall 3,810
8%
Mayville 5,138
8%
Mineral Point 2,563
8%
Nekoosa 2,409
8%
North Fond du Lac 5,366
8%
Oconto Falls 2,989
8%
Omro 3,623
8%
Oostburg 3,101
8%
Oxford 534
8%
Phillips 1,516
8%
Richfield 11,841
8%
Saukville 4,260
8%
Spring Green 1,537
8%
St. Croix Falls 2,252
8%
Thiensville 3,284
8%
Trempealeau 1,880
8%
Vernon 7,456
8%
Wales 2,947
8%
Walworth 2,803
8%
Wautoma 2,220
8%
Amherst 1,125
7%
Arlington 834
7%
Baldwin 4,366
7%
Bayside 4,369
7%
Belleville 2,674
7%
Big Bend 1,501
7%
Bloomer 3,708
7%
Boscobel 3,217
7%
Brillion 3,365
7%
Brodhead 3,212
7%
Brownsville 649
7%
Butler 1,766
7%
Chetek 2,161
7%
Colby 1,926
7%
Crandon 1,703
7%
Cross Plains 4,052
7%
Darlington 2,509
7%
Eden 901
7%
Elkhart Lake 971
7%
Hortonville 3,364
7%
Lomira 2,680
7%
Mondovi 2,848
7%
Montreal 794
7%
New Holstein 3,012
7%
New Lisbon 2,537
7%
Niagara 1,579
7%
Ontario 537
7%
Park Falls 2,369
7%
Prescott 4,485
7%
Princeton 1,262
7%
Rothschild 5,514
7%
Schofield 2,154
7%
Seymour 3,515
7%
Somerset 3,220
7%
Stanley 3,798
7%
Sturtevant 6,735
7%
Thorp 1,775
7%
Union Grove 5,152
7%
Waterloo 3,611
7%
West Salem 5,298
7%
Weyauwega 1,760
7%
Wilson 205
7%
Windsor 9,456
7%
Wrightstown 3,699
7%
Amery 2,956
6%
Arcadia 3,796
6%
Bangor 1,461
6%
Bay City 440
6%
Black Earth 1,448
6%
Bloomington 740
6%
Brooklyn 1,529
6%
Cadott 1,474
6%
Casco 662
6%
Cumberland 2,304
6%
Dallas 353
6%
Darien 1,570
6%
Dousman 2,418
6%
Durand 1,843
6%
Ellsworth 3,298
6%
Fennimore 2,759
6%
Fox Lake 1,603
6%
Frederic 1,147
6%
Fredonia 2,284
6%
Fremont 681
6%
Grantsburg 1,347
6%
Greenwood 1,112
6%
Hillsboro 1,420
6%
Kingston 284
6%
Kronenwetter 8,539
6%
Lake Hallie 7,310
6%
Maple Bluff 1,308
6%
Mazomanie 1,750
6%
Mellen 698
6%
Merton 3,566
6%
Mishicot 1,423
6%
Montello 1,449
6%
Neillsville 2,311
6%
Osceola 2,872
6%
Owen 907
6%
Palmyra 1,693
6%
Pardeeville 2,051
6%
Plainfield 923
6%
Poynette 2,558
6%
Reedsville 1,196
6%
Salem Lakes 14,367
6%
Shell Lake 1,384
6%
Sherwood 3,222
6%
Shorewood Hills 2,182
6%
Siren 880
6%
Solon Springs 670
6%
Stockholm 78
6%
Sullivan 642
6%
Twin Lakes 6,362
6%
Westby 2,366
6%
Winneconne 2,502
6%
Barneveld 1,329
5%
Belmont 1,006
5%
Benton 968
5%
Blair 1,270
5%
Bonduel 1,410
5%
Boyd 615
5%
Bruce 753
5%
Buffalo City 1,016
5%
Campbellsport 1,934
5%
Camp Douglas 635
5%
Cassville 771
5%
Cedar Grove 2,108
5%
Clayton 546
5%
Clear Lake 1,102
5%
Coleman 723
5%
Combined Locks 3,654
5%
Coon Valley 762
5%
Cornell 1,413
5%
Edgar 1,444
5%
Elk Mound 986
5%
Elmwood 810
5%
Elroy 1,326
5%
Fairchild 456
5%
Forestville 476
5%
Fountain City 778
5%
Galesville 1,682
5%
Gays Mills 519
5%
Genoa City 2,948
5%
Gillett 1,276
5%
Hammond 1,851
5%
Hancock 400
5%
Hazel Green 1,177
5%
Howards Grove 3,251
5%
Independence 1,472
5%
Iola 1,203
5%
Lannon 2,290
5%
Lena 530
5%
Loyal 1,187
5%
Luck 1,067
5%
Maine 2,616
5%
Marathon City 1,560
5%
Mason 105
5%
Minong 554
5%
Nashotah 1,310
5%
Necedah 913
5%
Nelson 319
5%
Newburg 1,132
5%
North Hudson 3,888
5%
North Prairie 2,198
5%
Pittsville 818
5%
Potosi 652
5%
Pound 352
5%
Randolph 1,769
5%
Random Lake 1,574
5%
Redgranite 2,021
5%
Rio 1,131
5%
River Hills 1,563
5%
Roberts 2,092
5%
Rockland 778
5%
Rosendale 1,033
5%
Shiocton 939
5%
Shullsburg 1,192
5%
Spencer 1,812
5%
St. Cloud 491
5%
Stockbridge 657
5%
Stratford 1,581
5%
Tigerton 707
5%
Turtle Lake 1,037
5%
Valders 964
5%
Wausaukee 597
5%
Webster 707
5%
Westfield 1,323
5%
Whitehall 1,616
5%
Wild Rose 792
5%
Williams Bay 2,981
5%
Winter 325
5%
Woodville 1,409
5%
Alma Center 469
4%
Almond 417
4%
Arena 853
4%
Argyle 795
4%
Auburndale 698
4%
Balsam Lake 922
4%
Birchwood 405
4%
Birnamwood 732
4%
Black Creek 1,341
4%
Blanchardville 822
4%
Bloomfield 4,847
4%
Blue Mounds 919
4%
Blue River 454
4%
Boyceville 1,099
4%
Brandon 870
4%
Browntown 238
4%
Butternut 367
4%
Cambria 766
4%
Cameron 1,857
4%
Cascade 718
4%
Cashton 1,167
4%
Cecil 530
4%
Chenequa 540
4%
Cobb 483
4%
Colfax 1,188
4%
Coloma 455
4%
De Soto 317
4%
Dickeyville 1,017
4%
Dorchester 834
4%
Dresser 939
4%
Eleva 683
4%
Ettrick 521
4%
Fall Creek 1,413
4%
Fall River 1,792
4%
Fontana-on-Geneva Lake 1,890
4%
Footville 832
4%
Glenwood City 1,304
4%
Hatley 674
4%
Hawkins 318
4%
Highland 867
4%
Hilbert 1,211
4%
Hixton 438
4%
Hustisford 1,083
4%
Ironton 267
4%
Junction City 414
4%
Knapp 492
4%
Lac La Belle 282
4%
La Farge 718
4%
Lake Nebagamon 1,133
4%
Livingston 646
4%
Lyndon Station 484
4%
Manawa 1,405
4%
Markesan 1,375
4%
Melrose 531
4%
Merrimac 518
4%
Monticello 1,175
4%
Muscoda 1,262
4%
New Auburn 570
4%
North Bay 205
4%
Norwalk 597
4%
Oakdale 305
4%
Oakfield 1,057
4%
Oconomowoc Lake 584
4%
Oliver 417
4%
Orfordville 1,481
4%
Paddock Lake 2,986
4%
Poplar 632
4%
Port Edwards 1,761
4%
Potter 230
4%
Prentice 563
4%
Raymond 3,943
4%
Rib Lake 919
4%
Ridgeway 663
4%
Scandinavia 366
4%
Sharon 1,565
4%
Soldiers Grove 561
4%
Spring Valley 1,423
4%
St. Nazianz 718
4%
Summit 5,287
4%
Tony 98
4%
Unity 377
4%
Viola 803
4%
Waldo 478
4%
Warrens 537
4%
Wauzeka 625
4%
West Baraboo 1,582
4%
White Lake 263
4%
Whitelaw 736
4%
Whiting 1,598
4%
Wind Point 1,636
4%
Withee 500
4%
Wittenberg 996
4%
Yorkville 3,244
4%
Adell 491
3%
Almena 704
3%
Amherst Junction 378
3%
Aniwa 243
3%
Avoca 551
3%
Bagley 357
3%
Bear Creek 421
3%
Big Falls 57
3%
Bowler 312
3%
Catawba 138
3%
Cazenovia 354
3%
Centuria 895
3%
Chaseburg 243
3%
Clyman 396
3%
Cochrane 419
3%
Conrath 88
3%
Couderay 80
3%
Curtiss 466
3%
Deer Park 246
3%
Downing 230
3%
Eastman 341
3%
Elderon 157
3%
Elmwood Park 505
3%
Embarrass 305
3%
Endeavor 434
3%
Exeland 227
3%
Ferryville 192
3%
Francis Creek 664
3%
Friesland 316
3%
Gilman 379
3%
Glenbeulah 457
3%
Glen Flora 96
3%
Granton 374
3%
Gratiot 222
3%
Gresham 536
3%
Haugen 258
3%
Hollandale 304
3%
Ingram 71
3%
Iron Ridge 912
3%
Kellnersville 306
3%
Kendall 477
3%
Kennan 142
3%
La Valle 377
3%
Linden 497
3%
Loganville 290
3%
Lone Rock 827
3%
Lowell 303
3%
Lynxville 134
3%
Maiden Rock 115
3%
Maribel 331
3%
Mattoon 358
3%
Merrillan 546
3%
Milladore 267
3%
Milltown 943
3%
Montfort 715
3%
Mount Calvary 487
3%
Mount Hope 209
3%
Neosho 581
3%
Neshkoro 418
3%
Nichols 285
3%
North Freedom 587
3%
Park Ridge 533
3%
Patch Grove 199
3%
Pigeon Falls 372
3%
Plum City 583
3%
Prairie Farm 492
3%
Radisson 275
3%
Readstown 374
3%
Reeseville 752
3%
Ridgeland 262
3%
Rockdale 204
3%
Rosholt 468
3%
Rudolph 431
3%
Sheldon 252
3%
South Wayne 446
3%
Star Prairie 662
3%
Stetsonville 562
3%
Steuben 122
3%
Stoddard 857
3%
Strum 1,057
3%
Suring 518
3%
Theresa 1,256
3%
Union Center 217
3%
Vesper 526
3%
Weyerhaeuser 231
3%
Wheeler 330
3%
Wilton 522
3%
Wonewoc 738
3%
Wyocena 741
3%
Yuba 51
3%
Arpin 296
2%
Bell Center 113
2%
Biron 855
2%
Boaz 124
2%
Doylestown 274
2%
Eland 197
2%
Fairwater 341
2%
Fenwood 139
2%
Hewitt 799
2%
Hustler 163
2%
Kekoskee 892
2%
Lime Ridge 155
2%
Lohrville 436
2%
Lublin 115
2%
Melvina 93
2%
Mount Sterling 181
2%
Nelsonville 158
2%
Ogdensburg 183
2%
Rewey 261
2%
Rock Springs 325
2%
Tennyson 345
2%
Woodman 120
2%
Wyeville 117
2%
No matching quizzes found
Score Distribution
Percent of People with Each Score
Percentile by Number Answered
Your Score History
You have not taken this quiz